| 000 | 01170nam a22003377a 4500 | ||
|---|---|---|---|
| 003 | CHAP | ||
| 005 | 20220329140131.0 | ||
| 008 | 971013s1980 r 00010 d | ||
| 010 | _a47455 | ||
| 011 | _a48427 | ||
| 035 | _a52573 | ||
| 040 | _cCHAP | ||
| 090 | _aFolleto 6571 | ||
| 100 | 0 | 0 |
_aReyes Castañeda, Pedro. _996772 |
| 245 | _aNLVS-1E nueva variedad de maíz de planta corta para las tierras bajas de Nuevo León | ||
| 260 |
_a(s.l.) : _bInstituto Tecnológico y de Estudios Superiores de Monterrey. División de Ciencias Agropecuarias y Marítimas, _c1980 |
||
| 300 | _a39 h. | ||
| 590 |
_aBATCH-UPD _b10 _c20130110 _lUCH01 _h0304 |
||
| 590 |
_aBATCH-UPD _b10 _c20130110 _lUCH01 _h1722 |
||
| 590 |
_aBATCH-UPD _b10 _c20130409 _lUCH01 _h2336 |
||
| 590 |
_aBATCH-UPD _b10 _c20130410 _lUCH01 _h1433 |
||
| 590 |
_aBATCH-UPD _b10 _c20130914 _lUCH01 _h1752 |
||
| 590 |
_aCONVERSION _b10 _c20130109 _lUCH01 _h1326 |
||
| 650 | 1 | 4 |
_aMaíz enano. _971113 |
| 650 | 1 | 4 |
_aMaíz _xHíbridos. _970974 |
| 650 | 1 | 4 |
_aMaíz _xNuevo León. _971029 |
| 650 | 1 | 4 |
_aMaíz _xVariedades. _971081 |
| 901 | _aBK | ||
| 942 | _cFOLL | ||
| 949 |
_aFolleto 6571 _bBC _cFOLL _d-117034 _eTS1 _i52573 _si |
||
| 999 |
_c47455 _d47455 |
||